| 000 | 00400nam a22001337a 4500 | ||
|---|---|---|---|
| 999 |
_c3337 _d3337 |
||
| 008 | 200608b ||||| |||| 00| 0 eng d | ||
| 082 | 0 | 0 |
_a343.096 _bI17 |
| 110 |
_92796 _aInstitute of Chartered Shipbrokers |
||
| 245 | 1 | 0 |
_aShipping law / _cby Institute of Chartered Shipbrokers . |
| 260 |
_aLondon : _bInstitute of Chartered Shipbrokers , _c2010. |
||
| 300 | _ax | ||
| 650 | 0 | _aMaritime Law | |
| 942 | _cBK | ||